Reshaping economic geography (Record no. 528269)

000 -LEADER
fixed length control field 01358cam a2200385 a 4500
001 - CONTROL NUMBER
control field 15466302
003 - CONTROL NUMBER IDENTIFIER
control field NUST
005 - DATE AND TIME OF LATEST TRANSACTION
control field 20190905065829.0
008 - FIXED-LENGTH DATA ELEMENTS--GENERAL INFORMATION
fixed length control field 080926s2009 dcuab b i001 0 eng
010 ## - LIBRARY OF CONGRESS CONTROL NUMBER
LC control number 2008042550
020 ## - INTERNATIONAL STANDARD BOOK NUMBER
International Standard Book Number 9780821376416
020 ## - INTERNATIONAL STANDARD BOOK NUMBER
International Standard Book Number 0821376411
020 ## - INTERNATIONAL STANDARD BOOK NUMBER
International Standard Book Number 9780821376423 (electronic)
020 ## - INTERNATIONAL STANDARD BOOK NUMBER
International Standard Book Number 082137642X (electronic)
035 ## - SYSTEM CONTROL NUMBER
System control number (OCoLC)234146341
035 ## - SYSTEM CONTROL NUMBER
System control number (OCoLC)ocn234146341
038 ## - RECORD CONTENT LICENSOR
Staff Name M-SOHAIL
040 ## - CATALOGING SOURCE
Original cataloging agency DLC
Transcribing agency DLC
Modifying agency DLC
043 ## - GEOGRAPHIC AREA CODE
Geographic area code ae-----
050 00 - LIBRARY OF CONGRESS CALL NUMBER
Classification number HC460.5.Z9
Item number D574 2009
082 00 - DEWEY DECIMAL CLASSIFICATION NUMBER
Classification number 330.95
Edition number 22
Author Mark HUA
100 ## - MAIN ENTRY--PERSONAL NAME
Personal name Reshaping economic geography
9 (RLIN) 19982
245 00 - TITLE STATEMENT
Title Reshaping economic geography
Statement of responsibility, etc. edited by Reshaping economic geography.
260 ## - PUBLICATION, DISTRIBUTION, ETC.
Place of publication, distribution, etc. Washington, DC :
Name of publisher, distributor, etc. World Bank,
Date of publication, distribution, etc. c2009.
300 ## - PHYSICAL DESCRIPTION
Extent xxxi, 383 p. :
Other physical details ill, maps ;
Dimensions 27 cm.
500 ## - GENERAL NOTE
General note "Companion volume to the World development report 2009"--P. [4] of cover.
504 ## - BIBLIOGRAPHY, ETC. NOTE
Bibliography, etc. note Includes bibliographical references and index.
650 #0 - SUBJECT ADDED ENTRY--TOPICAL TERM
Topical term or geographic name entry element Industrial clusters
Geographic subdivision East Asia.
9 (RLIN) 19983
651 #0 - SUBJECT ADDED ENTRY--GEOGRAPHIC NAME
Geographic name East Asia
General subdivision Economic conditions.
9 (RLIN) 19984
700 1# - ADDED ENTRY--PERSONAL NAME
Personal name Huang, Yukon.
9 (RLIN) 19985
700 1# - ADDED ENTRY--PERSONAL NAME
Personal name Bocchi, Alessandro Magnoli,
Dates associated with a name 1968-
9 (RLIN) 19986
906 ## - LOCAL DATA ELEMENT F, LDF (RLIN)
a 7
b cbc
c orignew
d 1
e ecip
f 20
g y-gencatlg
942 ## - ADDED ENTRY ELEMENTS (KOHA)
Source of classification or shelving scheme
Koha item type Book
Holdings
Withdrawn status Lost status Source of classification or shelving scheme Damaged status Not for loan Permanent Location Current Location Date acquired Total Checkouts Full call number Barcode Date last seen Price effective from Koha item type
          School of Civil and Environmental Engineering (SCEE) School of Civil and Environmental Engineering (SCEE) 09/05/2019   330.95 HUA NIT-10324 09/05/2019 09/05/2019 Book
© 2023 Central Library, National University of Sciences and Technology. All Rights Reserved.